| 000 | 00532nam a2200145 4500 | ||
|---|---|---|---|
| 001 | 137562 | ||
| 003 | ES-MaACL | ||
| 005 | 20230906195410.0 | ||
| 007 | t| | ||
| 008 | 070214s1907 sp r ||||1| spa d | ||
| 100 | 1 |
_aSánchez-Comendador Mouroig, Enrique. _9102550 |
|
| 245 | 1 | 3 |
_aLa neumoterapia en las enfermedades del aparato respiratorio _b: memoria leída en el solemne acto de graduarse de doctor / _cEnrique Sánchez-Comendador Mouroig. |
| 260 |
_aMadrid : _b[s.n.], _c1907 ( _fImp. Colonial) |
||
| 852 |
_aES-MaACL _jT-1133-F-6 |
||
| 999 |
_c137562 _d137562 |
||